000 00980nam a2200253 i 4500
001 89418
003 ES-MaACL
005 20250901021459.0
007 t|
008 050110s1958 sp ||||1| spa d
100 1 _aLaplane, Gabriel.
_970164
245 1 0 _aAlbéniz
_b: su vida y su obra /
_cGabriel Laplane ; prólogo de Francis Poulenc ; epílogo de Federico Sopeña ; [traducción de Bernabé Herrero y Alberto de Michelena ; apéndice discográfico de Antonio Odriozola].
250 _a[1ª ed.].
260 _aBarcleona :
_bNoguer,
_c[1958] (
_fImp. Moderna)
300 _a240 p., 11 lám. ;
_c21 cm.
600 1 7 _aAlbéniz, Isaac,
_d1860-1909
_2embne
_919261
700 1 _aPoulenc, Francis.
_993439
700 1 _aSopeña Ibáñez, Federico,
_d1917-1991
_9107321
700 1 _aHerrero, Bernabé.
_963260
700 1 _aMichelena, Alberto de.
_980914
700 1 _aOdriozola, Antonio.
_986534
852 _aES-MaACL
_jC-13804
_bR.41617
999 _c89418
_d89418